000 00725nam a2200181 a 4500
003 0
005 20250508105834.0
008 970101s19uu xx 00 eng d
050 _aPHS LC 4091
_b.J68 2004
100 _aJoven, Cara Rae V.
245 _aA Comparative study on the Educational services given to street children in Ahon Bata Center and Pangarap Shelter /
_cCara Rae V. Joven.
260 _aLas PiƱas City, Philippines :
_bSouthville International School and Colleges,
_c2004.
300 _a40 pages :
_billustrations ;
_c28 cm.
504 _aIncludes bibliographical references.
650 _aStreet children
_xEducation
_zPhilippines.
650 _aChildren
_xInstitutional care
_zPhilippines.
942 _2lcc
_cPASS
999 _c97125
_d97125